[Event "Wch Blitz"]
[Site "Samarkand"]
[Date "2023.12.30"]
[Round "15"]
[White "Aronian, Levon"]
[Black "Riazantsev, Alexander"]
[Result "1-0"]
[WhiteElo "2723"]
[BlackElo "2616"]
[PlyCount "71"]
[EventDate "2023.12.29"]
[EventType "swiss (blitz)"]
[EventRounds "21"]
[EventCountry "UZB"]
[SourceTitle "CB01_2024"]
[SourceDate "2024.01.03"]
[SourceVersion "1"]
[SourceVersionDate "2024.01.03"]
[SourceQuality "1"]

1. e4 c5 2. Nf3 e6 3. c3 d5 4. e5 d4 5. Na3 Nc6 6. Bd3 Nh6 7. 0-0 Be7 8. Re1 b6 9. Be4 Bb7 10. cxd4 cxd4 11. d3 Nf5 12. g4 Nh4 13. Nxh4 Bxh4 14. Nc4 Be7 15. Qf3 Rc8 16. a4 Qd7 17. Bd2 Nd8 18. Bxb7 Nxb7 19. b4 0-0 20. Re4 f5 21. exf6 Rxf6 22. Qe2 Rcf8 23. Rf1 Nd8 24. f4 Qxa4 25. g5 Rf5 26. Rxd4 Bxg5 27. Nd6 Bf6 28. Nxf5 exf5 29. Rc4 Nf7 30. Rfc1 Qd7 31. Qf3 Rd8 32. Bc3 Nd6 33. Bxf6 gxf6 34. Rc7 Qe6 35. Qg2+ Kh8 36. Qg7# 1-0

[Event "Wch Blitz"]
[Site "Samarkand"]
[Date "2023.12.29"]
[Round "10"]
[White "Riazantsev, Alexander"]
[Black "Kosakowski, Jakub"]
[Result "1-0"]
[WhiteElo "2616"]
[BlackElo "2479"]
[PlyCount "79"]
[EventDate "2023.12.29"]
[EventType "swiss (blitz)"]
[EventRounds "21"]
[EventCountry "UZB"]
[SourceTitle "CB01_2024"]
[SourceDate "2024.01.03"]
[SourceVersion "1"]
[SourceVersionDate "2024.01.03"]
[SourceQuality "1"]

1. d4 Nf6 2. c4 e6 3. Nc3 d5 4. Bg5 Bb4 5. e3 h6 6. Bxf6 Qxf6 7. Nf3 0-0 8. Rc1 c5 9. cxd5 cxd4 10. Qxd4 Qxd4 11. Nxd4 exd5 12. a3 Ba5 13. Bb5 Bd7 14. Bxd7 Bxc3+ 15. Rxc3 Nxd7 16. Ke2 Rac8 17. Rhc1 Nb6 18. Rc7 g6 19. R1c2 Rxc7 20. Rxc7 Rb8 21. b3 Kf8 22. Nb5 Na8 23. Rc5 Nb6 24. Nxa7 Ke7 25. Nb5 Ke6 26. a4 Nd7 27. Rc7 b6 28. Rc6+ Ke7 29. Nc3 Nf6 30. h3 Rb7 31. Kd3 Rb8 32. Kd4 Nd7 33. Nxd5+ Kf8 34. b4 Rd8 35. Rd6 Ke8 36. e4 Rc8 37. Nxb6 Nxb6 38. Rxb6 Rc2 39. Rb7 Rxf2 40. a5 1-0

[Event "Moscow Dvoretsky Memorial Blitz"]
[Site "Moscow"]
[Date "2023.12.09"]
[Round "3"]
[White "Riazantsev, Alexander"]
[Black "Makarian, Rudik"]
[Result "0-1"]
[WhiteElo "2616"]
[BlackElo "2530"]
[PlyCount "98"]
[EventDate "2023.12.09"]
[EventType "tourn (blitz)"]
[EventRounds "11"]
[EventCountry "RUS"]
[EventCategory "15"]
[SourceTitle "CB50_2023"]
[SourceDate "2023.12.13"]
[SourceVersion "1"]
[SourceVersionDate "2023.12.13"]
[SourceQuality "1"]

1. d4 Nf6 2. c4 e6 3. Nc3 d5 4. Bg5 Nbd7 5. e3 h6 6. Bh4 c6 7. Qc2 Be7 8. Nf3 0-0 9. Rd1 a5 10. a3 Re8 11. h3 dxc4 12. Bxc4 Nd5 13. Bxe7 Qxe7 14. 0-0 Nxc3 15. Qxc3 b5 16. Bd3 Bb7 17. b4 axb4 18. axb4 Nf6 19. e4 Ra4 20. Rb1 Rea8 21. Nd2 Nd7 22. Bc2 Ra3 23. Rb3 Ra2 24. Bb1 R2a4 25. Bc2 Ra2 26. Rfb1 e5 27. Nf3 exd4 28. Nxd4 Qf6 29. Nf5 Ne5 30. f4 Nc4 31. e5 Qe6 32. Qg3 g6 33. Nxh6+ Kf8 34. f5 Qxe5 35. Qxe5 Nxe5 36. Be4 Re2 37. Bf3 Nxf3+ 38. Rxf3 c5 39. Rg3 Raa2 40. bxc5 Rxg2+ 41. Kf1 Rh2 42. Rgb3 Bd5 43. Rc3 Ra8 44. Re1 b4 45. Ree3 b3 46. Ng4 b2 47. Rc1 Ra1 48. Rxa1 Rg2 49. Ke1 Rh2 0-1

[Event "RUS-chT 30th"]
[Site "Sochi"]
[Date "2023.05.10"]
[Round "9.5"]
[White "Riazantsev, Alexander"]
[Black "Malakhov, Vladimir"]
[Result "1-0"]
[WhiteElo "2626"]
[BlackElo "2650"]
[PlyCount "63"]
[EventDate "2023.05.01"]
[EventType "team-tourn"]
[EventRounds "9"]
[EventCountry "RUS"]
[SourceTitle "EXT 2024"]
[Source "ChessBase"]
[SourceDate "2023.10.10"]
[SourceVersion "1"]
[SourceVersionDate "2023.10.10"]
[SourceQuality "1"]
[WhiteTeam "Moscow Team"]
[BlackTeam "Moscow KPRF"]
[WhiteTeamCountry "RUS"]
[BlackTeamCountry "RUS"]

1. d4 d5 2. c4 e6 3. Nf3 a6 4. cxd5 exd5 5. Nc3 Nf6 6. Bg5 Be6 7. e3 Nbd7 8. Bd3 Bd6 9. 0-0 c6 10. Bh4 h6 11. Kh1 0-0 12. Nd2 Be7 13. f4 Nb6 14. Bxf6 Bxf6 15. Qh5 c5 16. Nf3 cxd4 17. exd4 Nc4 18. Rae1 Nxb2 19. Bb1 Qc8 20. Nxd5 Qd8 21. Nxf6+ Qxf6 22. d5 Bd7 23. Ne5 Bb5 24. Ng4 Qd4 25. Re4 Qd2 26. Re3 Qxe3 27. Nxe3 Rfe8 28. Re1 Rac8 29. h3 Rc3 30. Qf5 Bd3 31. Qd7 Re4 32. Qxb7 1-0

[Event "RUS-chT 30th"]
[Site "Sochi"]
[Date "2023.05.09"]
[Round "8.1"]
[White "Riazantsev, Alexander"]
[Black "Timofeev, Artyom"]
[Result "1/2-1/2"]
[WhiteElo "2626"]
[BlackElo "2567"]
[PlyCount "53"]
[EventDate "2023.05.01"]
[EventType "team-tourn"]
[EventRounds "9"]
[EventCountry "RUS"]
[SourceTitle "EXT 2024"]
[Source "ChessBase"]
[SourceDate "2023.10.10"]
[SourceVersion "1"]
[SourceVersionDate "2023.10.10"]
[SourceQuality "1"]
[WhiteTeam "Moscow Team"]
[BlackTeam "Tatarstan Ladya"]
[WhiteTeamCountry "RUS"]
[BlackTeamCountry "RUS"]

1. d4 Nf6 2. c4 g6 3. Nc3 d5 4. cxd5 Nxd5 5. e4 Nxc3 6. bxc3 Bg7 7. Nf3 c5 8. Bb5+ Nc6 9. 0-0 cxd4 10. cxd4 0-0 11. Be3 Bg4 12. Bxc6 bxc6 13. Rc1 Qa5 14. Qd2 Qxd2 15. Nxd2 Rfd8 16. Nb3 a5 17. Rxc6 a4 18. Nc5 Bxd4 19. Bxd4 Rxd4 20. f3 Be6 21. Nxe6 fxe6 22. Rxe6 Kf7 23. Rc6 Rd2 24. Rf2 Rd1+ 25. Rf1 Rd2 26. Rf2 Rd1+ 27. Rf1 1/2-1/2

[Event "Barnaul Kura Memorial"]
[Site "Barnaul"]
[Date "2023.02.26"]
[Round "8"]
[White "Keosidi, Konstantin"]
[Black "Riazantsev, Alexander"]
[Result "0-1"]
[WhiteElo "2404"]
[BlackElo "2626"]
[PlyCount "50"]
[EventDate "2023.02.25"]
[EventType "swiss (rapid)"]
[EventRounds "11"]
[EventCountry "RUS"]
[SourceTitle "CBM 213 Extra"]
[Source "ChessBase"]
[SourceDate "2023.05.31"]
[SourceVersion "1"]
[SourceVersionDate "2023.05.31"]
[SourceQuality "1"]

1. d4 Nf6 2. Nf3 d5 3. e3 c5 4. dxc5 e6 5. c4 Bxc5 6. cxd5 exd5 7. Be2 0-0 8. 0-0 Qe7 9. a3 a5 10. Nc3 Rd8 11. Nb5 Nc6 12. b3 Ne4 13. Bb2 Be6 14. Nfd4 Rac8 15. Nxc6 bxc6 16. Nd4 Bd6 17. Nxe6 fxe6 18. Bd3 Nf6 19. g3 Rb8 20. Qc2 c5 21. Bxf6 gxf6 22. e4 c4 23. bxc4 dxe4 24. Bxe4 f5 25. Bf3 Bxa3 0-1

[Event "Barnaul Kura Memorial"]
[Site "Barnaul"]
[Date "2023.02.25"]
[Round "5"]
[White "Riazantsev, Alexander"]
[Black "Zakhartsov, Vladimir"]
[Result "1/2-1/2"]
[WhiteElo "2626"]
[BlackElo "2537"]
[PlyCount "49"]
[EventDate "2023.02.25"]
[EventType "swiss (rapid)"]
[EventRounds "11"]
[EventCountry "RUS"]
[SourceTitle "CBM 213 Extra"]
[Source "ChessBase"]
[SourceDate "2023.05.31"]
[SourceVersion "1"]
[SourceVersionDate "2023.05.31"]
[SourceQuality "1"]

1. d4 Nf6 2. c4 e6 3. Nc3 d5 4. cxd5 Nxd5 5. e4 Nxc3 6. bxc3 c5 7. Rb1 cxd4 8. cxd4 Nc6 9. Nf3 Bb4+ 10. Bd2 Bxd2+ 11. Qxd2 0-0 12. Bb5 Ne7 13. Bd3 b6 14. 0-0 Bb7 15. a4 Bc6 16. Bc2 Rc8 17. h4 Qd6 18. h5 f5 19. d5 Be8 20. Nd4 exd5 21. e5 Qh6 22. Qxh6 gxh6 23. Bb3 Bxh5 24. Ne6 Rfe8 25. Nf4 1/2-1/2

[Event "Ekaterinburg Scerbin Memorial"]
[Site "Ekaterinburg"]
[Date "2023.01.15"]
[Round "11"]
[White "Riazantsev, Alexander"]
[Black "Lysyj, Igor"]
[Result "1/2-1/2"]
[WhiteElo "2626"]
[BlackElo "2597"]
[PlyCount "23"]
[EventDate "2023.01.14"]
[EventType "swiss (rapid)"]
[EventRounds "11"]
[EventCountry "RUS"]
[SourceTitle "CBM 212 Extra"]
[Source "ChessBase"]
[SourceDate "2023.03.31"]
[SourceVersion "1"]
[SourceVersionDate "2023.03.31"]
[SourceQuality "1"]

1. d4 Nf6 2. c4 e6 3. Nf3 d5 4. Nc3 Be7 5. Bg5 dxc4 6. e3 c5 7. Bxc4 cxd4 8. Nxd4 Bd7 9. 0-0 Nc6 10. Nf3 0-0 11. Rc1 Nh5 12. Bxe7 1/2-1/2

[Event "Ekaterinburg Scerbin Memorial"]
[Site "Ekaterinburg"]
[Date "2023.01.14"]
[Round "2"]
[White "Sharipov, Aidar"]
[Black "Riazantsev, Alexander"]
[Result "0-1"]
[WhiteElo "2127"]
[BlackElo "2626"]
[PlyCount "67"]
[EventDate "2023.01.14"]
[EventType "swiss (rapid)"]
[EventRounds "11"]
[EventCountry "RUS"]
[SourceTitle "CBM 212 Extra"]
[Source "ChessBase"]
[SourceDate "2023.03.31"]
[SourceVersion "1"]
[SourceVersionDate "2023.03.31"]
[SourceQuality "1"]

1. d4 Nf6 2. c4 e6 3. Nf3 d5 4. Nc3 c6 5. cxd5 exd5 6. Qc2 g6 7. Bg5 Be7 8. e3 Bf5 9. Bd3 Bxd3 10. Qxd3 Nbd7 11. Bh6 Ng4 12. Bf4 0-0 13. h3 Ngf6 14. 0-0 Re8 15. Rab1 a5 16. Rfe1 Ne4 17. Re2 Bd6 18. Bxd6 Nxd6 19. e4 dxe4 20. Nxe4 Rxe4 21. Rxe4 Nxe4 22. Qxe4 Nf6 23. Qe5 Kg7 24. b3 Qb6 25. Rc1 Re8 26. Qd6 Qb4 27. Qc7 Nd5 28. Qd7 Re7 29. Qd8 Re2 30. Rc4 Qa3 31. Ne5 Rxa2 32. Qd7 Qe7 33. Qxe7 Nxe7 34. Nd3 0-1

[Event "Wch Blitz"]
[Site "Almaty"]
[Date "2022.12.30"]
[Round "15"]
[White "Riazantsev, Alexander"]
[Black "Kadric, Denis"]
[Result "1-0"]
[WhiteElo "2595"]
[BlackElo "2657"]
[PlyCount "74"]
[EventDate "2022.12.29"]
[EventType "swiss (blitz)"]
[EventRounds "21"]
[EventCountry "KAZ"]
[SourceTitle "CBM 212"]
[Source "ChessBase"]
[SourceDate "2023.02.28"]
[SourceVersion "1"]
[SourceVersionDate "2023.02.28"]
[SourceQuality "1"]

1. d4 d6 2. Nf3 Nf6 3. c4 Nbd7 4. Nc3 e5 5. Bg5 h6 6. Bh4 Be7 7. e3 c6 8. Be2 0-0 9. Qc2 Re8 10. 0-0 exd4 11. exd4 Nf8 12. h3 Ng6 13. Bg3 Nh5 14. Bd3 Ngf4 15. Bh7+ Kh8 16. Bf5 Qa5 17. Bxc8 Raxc8 18. Bh2 Ng6 19. a3 Nhf4 20. Rfe1 Bf8 21. Re3 Re7 22. Ne4 Re6 23. b4 Qf5 24. Rae1 Rce8 25. Kf1 d5 26. g4 Qxe4 27. Rxe4 dxe4 28. Nd2 e3 29. Rxe3 Rxe3 30. fxe3 Rxe3 31. Bxf4 Nxf4 32. Qf5 g5 33. Qxf7 Bg7 34. Qxb7 Rxh3 35. Qxc6 Bxd4 36. Qe8+ Kg7 37. Qd7+ Kg6 1-0

[Event "Wch Blitz"]
[Site "Almaty"]
[Date "2022.12.30"]
[Round "20"]
[White "Riazantsev, Alexander"]
[Black "Svane, Rasmus"]
[Result "1/2-1/2"]
[WhiteElo "2595"]
[BlackElo "2674"]
[PlyCount "101"]
[EventDate "2022.12.29"]
[EventType "swiss (blitz)"]
[EventRounds "21"]
[EventCountry "KAZ"]
[SourceTitle "CBM 212"]
[Source "ChessBase"]
[SourceDate "2023.02.28"]
[SourceVersion "1"]
[SourceVersionDate "2023.02.28"]
[SourceQuality "1"]

1. d4 Nf6 2. Nf3 d5 3. Bg5 Ne4 4. Bh4 c6 5. Nbd2 Bf5 6. e3 Qb6 7. Rb1 e6 8. Bd3 Nd7 9. 0-0 Nxd2 10. Qxd2 Bd6 11. Bxf5 exf5 12. Qd3 g6 13. c4 dxc4 14. Qxc4 Qb5 15. Qxb5 cxb5 16. Rfc1 0-0 17. Bg3 Bxg3 18. hxg3 Rfc8 19. Kf1 f6 20. Ke2 Kf7 21. Kd3 Nb6 22. Ng1 Nc4 23. b3 Nb6 24. Ne2 Nd5 25. a3 Ke6 26. Nf4+ Nxf4+ 27. gxf4 h5 28. Kd2 h4 29. Rxc8 Rxc8 30. Rc1 Rh8 31. Rc7 g5 32. fxg5 fxg5 33. Rxb7 g4 34. Rc7 h3 35. gxh3 gxh3 36. Rc1 h2 37. Rh1 Kd5 38. Ke2 Rh3 39. Kf1 Rh7 40. Kg2 Rg7+ 41. Kf3 Rh7 42. Kg3 Rg7+ 43. Kxh2 Ke4 44. Rg1 Rc7 45. Rg6 Kf3 46. Rg5 Kxf2 47. Rxf5+ Kxe3 48. Rxb5 Kxd4 49. Kg2 Rf7 50. Kg3 Kc3 51. a4 1/2-1/2

[Event "Wch Blitz"]
[Site "Almaty"]
[Date "2022.12.29"]
[Round "10"]
[White "Riazantsev, Alexander"]
[Black "Suleymanli, Aydin Elshan"]
[Result "1-0"]
[WhiteElo "2595"]
[BlackElo "2481"]
[PlyCount "85"]
[EventDate "2022.12.29"]
[EventType "swiss (blitz)"]
[EventRounds "21"]
[EventCountry "KAZ"]
[SourceTitle "CBM 212"]
[Source "ChessBase"]
[SourceDate "2023.02.28"]
[SourceVersion "1"]
[SourceVersionDate "2023.02.28"]
[SourceQuality "1"]

1. d4 Nf6 2. c4 e6 3. Nc3 Bb4 4. e3 0-0 5. Bd3 d5 6. a3 Bxc3+ 7. bxc3 dxc4 8. Bxc4 c5 9. Nf3 Qc7 10. Be2 Nbd7 11. 0-0 b6 12. Bb2 Bb7 13. Re1 Rad8 14. Nd2 e5 15. Qb3 Rfe8 16. Rac1 h6 17. h3 Nf8 18. Bf1 Ng6 19. Nc4 Bd5 20. Qc2 Be4 21. Qb3 Bd5 22. Qc2 Be4 23. Qb3 Bd5 24. Qc2 Be4 25. Qb3 Bd5 26. a4 Nh4 27. Qc2 Qb7 28. f3 Bxf3 29. Qf2 g5 30. Nxe5 Ne4 31. Qc2 Rxe5 32. c4 Ree8 33. d5 Bh5 34. Bd3 Qe7 35. Ba1 Rd6 36. Rf1 f6 37. Rce1 Rf8 38. Bxe4 Re8 39. Bd3 Kg7 40. e4 Ng6 41. g4 Bxg4 42. hxg4 Qd7 43. e5 1-0

[Event "Wch Blitz"]
[Site "Almaty"]
[Date "2022.12.29"]
[Round "2"]
[White "Riazantsev, Alexander"]
[Black "Yu, Yangyi"]
[Result "0-1"]
[WhiteElo "2595"]
[BlackElo "2807"]
[PlyCount "130"]
[EventDate "2022.12.29"]
[EventType "swiss (blitz)"]
[EventRounds "21"]
[EventCountry "KAZ"]
[SourceTitle "CBM 212"]
[Source "ChessBase"]
[SourceDate "2023.02.28"]
[SourceVersion "1"]
[SourceVersionDate "2023.02.28"]
[SourceQuality "1"]

1. d4 Nf6 2. c4 e6 3. Nc3 Bb4 4. e3 0-0 5. Bd3 d5 6. Nf3 h6 7. 0-0 dxc4 8. Bxc4 c5 9. a3 Ba5 10. Qd3 Nc6 11. Rd1 Qe7 12. Ne4 cxd4 13. exd4 Rd8 14. Ba2 e5 15. d5 Bf5 16. Nxf6+ Qxf6 17. Qe2 e4 18. dxc6 exf3 19. Qxf3 Be4 20. Rxd8+ Rxd8 21. Bg5 hxg5 22. Qxe4 Qxb2 23. Qb1 Qe5 24. cxb7 Bc3 25. Qb3 Qf6 26. Rf1 Bd4 27. g3 Bb6 28. Bb1 Qc6 29. Ba2 Qxb7 30. Qb1 Qe7 31. Qb3 Qf6 32. Qc2 g6 33. a4 Kg7 34. Bc4 Rc8 35. Qe2 Rc5 36. Qd3 Re5 37. Bd5 Qd6 38. Be4 Qf6 39. Bg2 Re1 40. Qf3 Rxf1+ 41. Kxf1 Qa1+ 42. Ke2 Qa2+ 43. Kf1 Qb1+ 44. Ke2 Qc2+ 45. Kf1 Qxa4 46. Qc3+ Bd4 47. Qd3 Qa1+ 48. Ke2 Qb2+ 49. Qd2 Qxd2+ 50. Kxd2 Bxf2 51. g4 a5 52. Bc6 f5 53. h3 Kf6 54. Be8 Bc5 55. Kd3 Bb6 56. Ke2 f4 57. Kf3 Ke5 58. Bxg6 a4 59. Bf7 a3 60. Bg8 Ba5 61. Bf7 Be1 62. Ke2 Bh4 63. Kd3 f3 64. Ke3 f2 65. Ke2 Kd4 0-1

[Event "Wch Rapid"]
[Site "Almaty"]
[Date "2022.12.28"]
[Round "10"]
[White "Harutyunian, Tigran K"]
[Black "Riazantsev, Alexander"]
[Result "1-0"]
[WhiteElo "2441"]
[BlackElo "2570"]
[PlyCount "84"]
[EventDate "2022.12.26"]
[EventType "swiss (rapid)"]
[EventRounds "13"]
[EventCountry "KAZ"]
[SourceTitle "CBM 212"]
[Source "ChessBase"]
[SourceDate "2023.02.28"]
[SourceVersion "1"]
[SourceVersionDate "2023.02.28"]
[SourceQuality "1"]

1. d4 Nf6 2. c4 e6 3. Nc3 Bb4 4. a3 Bxc3+ 5. bxc3 c6 6. e3 d5 7. Bd3 0-0 8. Ne2 b6 9. cxd5 cxd5 10. c4 Ba6 11. cxd5 Qxd5 12. 0-0 Bxd3 13. Qxd3 Nbd7 14. Nc3 Qb7 15. e4 Rfd8 16. Bg5 h6 17. Bh4 Rac8 18. Qe3 Re8 19. f3 b5 20. Rfb1 a6 21. a4 b4 22. a5 Rc4 23. Be1 Rb8 24. Nd1 Qb5 25. Rb3 e5 26. dxe5 Nxe5 27. Nb2 Rc2 28. Rxb4 Qe8 29. Nd3 Rbc8 30. Nf4 Nc4 31. Qd3 Nb2 32. Qxa6 Qe5 33. Rb1 Qc5+ 34. Kf1 Nc4 35. Rb5 Qc7 36. Qxc8+ Qxc8 37. Rb8 Ne3+ 38. Kg1 Qxb8 39. Rxb8+ Kh7 40. Rb3 Nc4 41. Rc3 Rxc3 42. Bxc3 Nd7 1-0

[Event "Wch Rapid"]
[Site "Almaty"]
[Date "2022.12.27"]
[Round "7"]
[White "Riazantsev, Alexander"]
[Black "Begmuratov, Khumoyun"]
[Result "1-0"]
[WhiteElo "2570"]
[BlackElo "2292"]
[PlyCount "73"]
[EventDate "2022.12.26"]
[EventType "swiss (rapid)"]
[EventRounds "13"]
[EventCountry "KAZ"]
[SourceTitle "CBM 212"]
[Source "ChessBase"]
[SourceDate "2023.02.28"]
[SourceVersion "1"]
[SourceVersionDate "2023.02.28"]
[SourceQuality "1"]

1. d4 Nf6 2. c4 g6 3. Nc3 Bg7 4. Nf3 d6 5. Bg5 0-0 6. e3 c6 7. Be2 Bg4 8. 0-0 Nbd7 9. h3 Bxf3 10. Bxf3 e5 11. Qc2 Qc7 12. Rfd1 Rfe8 13. Bh4 a6 14. Bg3 Rad8 15. b4 b5 16. c5 d5 17. e4 dxe4 18. Bxe4 Nh5 19. Bh2 f5 20. Bf3 Nhf6 21. a4 Qc8 22. axb5 axb5 23. dxe5 Nxe5 24. Bxe5 Rxd1+ 25. Qxd1 Rxe5 26. Nxb5 Nd5 27. Nd6 Qc7 28. b5 h5 29. b6 Qb8 30. b7 Nc7 31. Rc1 Bh6 32. Qb3+ Kh7 33. Qf7+ Bg7 34. Bxc6 Ne6 35. Qe8 Nd8 36. Qd7 Kg8 37. Qc8 1-0

[Event "Wch Rapid"]
[Site "Almaty"]
[Date "2022.12.27"]
[Round "9"]
[White "Riazantsev, Alexander"]
[Black "Petkov, Momchil"]
[Result "1-0"]
[WhiteElo "2570"]
[BlackElo "2411"]
[PlyCount "117"]
[EventDate "2022.12.26"]
[EventType "swiss (rapid)"]
[EventRounds "13"]
[EventCountry "KAZ"]
[SourceTitle "CBM 212"]
[Source "ChessBase"]
[SourceDate "2023.02.28"]
[SourceVersion "1"]
[SourceVersionDate "2023.02.28"]
[SourceQuality "1"]

1. d4 Nf6 2. Nf3 d5 3. Bf4 e6 4. e3 c5 5. Bd3 Nc6 6. 0-0 c4 7. Be2 b5 8. b3 Bd7 9. a4 a6 10. h3 Be7 11. axb5 axb5 12. Nc3 Ra5 13. Ne5 0-0 14. Nxd7 Nxd7 15. Bf3 Bb4 16. Ne2 Nf6 17. c3 Bd6 18. Bg5 Rxa1 19. Qxa1 cxb3 20. e4 dxe4 21. Bxe4 Na5 22. Bxf6 gxf6 23. Qb1 Nc4 24. Rd1 f5 25. Bd3 Na5 26. Bxb5 Qg5 27. c4 Rb8 28. Qd3 Qg7 29. Rb1 Bc7 30. Qe3 Rd8 31. Kf1 Bb6 32. c5 Bc7 33. g3 Kh8 34. Kg2 f4 35. Qe4 fxg3 36. fxg3 Qg5 37. Bd3 Qg7 38. Rf1 Rg8 39. g4 Rf8 40. Ng1 Rb8 41. Nf3 h6 42. Rf2 b2 43. Bb1 Nc4 44. Qd3 Na5 45. Nd2 f5 46. Nf3 Rb3 47. Qa6 fxg4 48. Nh4 gxh3+ 49. Kf1 Rb8 50. Ng6+ Qxg6 51. Bxg6 h2 52. Rxh2 Bxh2 53. Qxa5 b1Q+ 54. Bxb1 Rxb1+ 55. Kg2 Rb2+ 56. Kf3 Rb8 57. Qd2 Rf8+ 58. Ke4 Bf4 59. Qxf4 1-0